000 00448nam a2200145 a 4500
001 000037343
005 20200930080314.0
008 120328s1972 xxu 000 0 spa d
040 _aDO-SdBNP
_bspa
_cBNPHU
041 1 7 _aeng
245 0 0 _aRadicalism and reform the new deal /
_cEditor Richard Polenberg.
260 _aCalifornia :
_bAddison-Wesley Publishing Company,
_c1972.
300 _a188 p. ;
_c21 cm.
700 1 _aPolenberg, Richard
_eed.
_963811
999 _c36833
_d36833